Reseñas Estudios Centroamericanos: Eugene D. Miller. A holy aliance? The church and the left in Costa Rica, 1932-1948. Armonk, New York: M. E. Sharpe, 1996. 228 p /
Guardat en:
| Autor principal: | |
|---|---|
| Format: | Text |
| Matèries: | |
| Etiquetes: |
Afegir etiqueta
Sense etiquetes, Sigues el primer a etiquetar aquest registre!
|
MARC
| LEADER | 00000 a a2200000 04500 | ||
|---|---|---|---|
| 001 | 9584 | ||
| 003 | |||
| 040 | |||
| 100 | |a Molina Jiménez, Iván | ||
| 245 | |a Reseñas Estudios Centroamericanos: Eugene D. Miller. A holy aliance? The church and the left in Costa Rica, 1932-1948. Armonk, New York: M. E. Sharpe, 1996. 228 p / |c Iván Molina Jiménez | ||
| 650 | |a RESEÑAS BIBLIOGRAFICAS | ||
| 650 | |a HISTORIA SOCIAL | ||
| 650 | |a IGLESIA CATOLICA | ||
| 650 | |a COMUNISTAS | ||
| 650 | |a COSTARRICENSES | ||
| 773 | |g volumen 23, número 43; páginas 194-198 | ||
| 999 | |c 21653 |d 21653 | ||
